Religious Conversion (Record no. 10505)

MARC details
000 -LEADER
fixed length control field 00597nam a2200241 a 4500
020 ## - INTERNATIONAL STANDARD BOOK NUMBER
ISBN 8174958
082 00 - DEWEY DECIMAL CLASSIFICATION NUMBER
Classification number 248.24
Author Cutter RAJ1
100 ## - MAIN ENTRY--AUTHOR NAME
Author name Raju, M P
245 ## - TITLE STATEMENT
Title Religious Conversion
Sub title Legal Implications
260 ## - PUBLICATION, DISTRIBUTION, ETC. (IMPRINT)
Place of publication Delhi
Name of publisher Media House
Year of publication 1999
300 ## - PHYSICAL DESCRIPTION
Number of Pages 175p
500 ## - GENERAL NOTE
General note includes index and biblioraphy
505 2# - FORMATTED CONTENTS NOTE
Formatted contents note Bibliography
650 ## - SUBJECT ADDED ENTRY--TOPICAL TERM
Topical Term Conversion-Religious
942 ## - ADDED ENTRY ELEMENTS (KOHA)
Koha item type Books
700 1# -
-- Raju, M P
Holdings
Collection code Home library Current library Date acquired Cost, normal purchase price Full call number Accession Number Koha item type
  Henry Martyn Institute Library Henry Martyn Institute Library 03/02/2012 60.00 248.24 RAJ1 019259 Books
                   Copyright © 2026 | Henry Martyn Institute | Hyderabad | TS-500052 | INDIA | Implemented by hmi.edu.in
Hit-Count:

Powered by Koha